000 00647nam a22001815i 4500
001 53924
003 ES-MaACL
005 20230906162844.0
007 t|
008 960708s1803 sp ||||1| spa d
040 _aCAM
_bspa
_cCAM
100 1 _aFernández del Valle, Juan.
_949735
245 1 0 _aTratado teórico y práctico de las hernias en general y de las estranguladas en particular /
_ces original de Juán Fernández del Valle.
260 _aMadrid :
_b[s.n.],
_c1803 (
_fen la Imprenta de Aznar, se hallará en la librería de Escribano)
300 _a212, [8] p. ;
_c15 cm.
650 4 _aHernias.
_9136219
852 _aES-MaACL
_jG-10989
999 _c53924
_d53924